Response surface methodology: process and product optimization using designed experiments

Saved in:
Bibliographic Details
Main Authors: Myers, Raymond H. (Author), Montgomery, Douglas C. (Author), Anderson-Cook, Christine M (Author)
Format: Book
Language:English
Published: Hoboken John Wiley and Sons, Inc., Publication 2009
Edition:3a. ed
Series:Wiley Series in Probability and Statistics
Subjects:
Tags: Add Tag
No Tags, Be the first to tag this record!

MARC

LEADER 00000cam a2200000 a 4500
001 UCE5181
003 CL-VaPUC
008 141211e20090000us |||||||||||||||||eng|d
020 |a 9780470174463 
082 0 4 |a 519.5  |b MYE  |2 21 
100 |a Myers, Raymond H.  |e author  |9 577661 
700 |a Montgomery, Douglas C.  |e author  |9 602209 
700 0 |a Anderson-Cook, Christine M  |e author  |9 577663 
245 1 0 |a Response surface methodology: process and product optimization using designed experiments 
250 |a 3a. ed 
300 |a 680 p 
942 |c BK 
945 |d 20141211 14:14:00  |a dcastane 
260 |a Hoboken  |b John Wiley and Sons, Inc., Publication  |c 2009 
650 0 |a Estadística matemática  |9 260028 
650 0 |a Diseño experimental   |9 259977 
583 |a last modification  |c 20141211 14:14:00  |k Rodrigo Vera 
490 0 |a Wiley Series in Probability and Statistics 
999 |c 357943  |d 357941 
952 |0 0  |1 0  |3 erd  |4 0  |6 519_500000000000000_MYE_2009  |7 0  |8 A  |9 466130  |a BIBGIM  |b BIBGIM  |i 5129648  |o 519.5 MYE 2009  |p 5129648  |r 2025-01-15  |w 2019-11-23  |y BK  |z Catalogado en:20141211  |k EST